000 00598nam a2200205 4500
003 OSt
005 20260601171008.0
008 260508b1973\\\\|||a||||\||||\001\0\eng\d
020 _a02897026558
040 _aICI
_bspa
_cICI
050 _aTR685
_bP46
100 1 _aJenkins, Nicholas
_932622
245 1 _aPhoto Graphics:
_bPhotographic Techniques for design
264 _bStudio Visata • Van Nostrand Reinhold
_c1973
_aEstados Unidos de América
300 _a103 páginas
336 _atexto
_2rdacontent
337 _asin medio
_2rdamedia
338 _avolumen
_2rdacarrier
942 _2lcc
_cB
_n1
999 _c20370
_d20370